| 000 | 00372nam a2200145Ia 4500 | ||
|---|---|---|---|
| 008 | 230917s9999||||xx |||||||||||||| ||und|| | ||
| 040 |
_e148267 _aMAIN |
||
| 041 | _aEnglish | ||
| 082 | _a809.89282 C 436C | ||
| 100 | _aStevenson, Robert Louis | ||
| 245 | 0 | _aTreasure, island | |
| 260 |
_aNew York _bHolt, Rineheart and winston _c1961 |
||
| 300 | _a270p p. | ||
| 942 | _cBK | ||
| 999 |
_c227923 _d227923 |
||